The 100 year history of Mitsui & Co., Ltd., 1876-1976
Gardado en:
| Autor Corporativo: | |
|---|---|
| Formato: | Libro |
| Idioma: | Undetermined |
| Publicado: |
Tokyo
Mitsui & Co.
1977
|
| Những chủ đề: | |
| Các nhãn: |
Engadir etiqueta
Sen Etiquetas, Sexa o primeiro en etiquetar este rexistro!
|
| Thư viện lưu trữ: | Trung tâm Học liệu Trường Đại học Cần Thơ |
|---|
| LEADER | 00567nam a2200205Ia 4500 | ||
|---|---|---|---|
| 001 | CTU_96305 | ||
| 008 | 210402s9999 xx 000 0 und d | ||
| 082 | |a 338.8 | ||
| 082 | |b N691 | ||
| 110 | |a 日本経営史研究所 | ||
| 245 | 4 | |a The 100 year history of Mitsui & Co., Ltd., 1876-1976 | |
| 245 | 0 | |c 日本経営史研究所 | |
| 260 | |a Tokyo | ||
| 260 | |b Mitsui & Co. | ||
| 260 | |c 1977 | ||
| 650 | |a Corporations,Corporations | ||
| 650 | |x History,Mitsui | ||
| 650 | |z Japan | ||
| 904 | |i Ngoc | ||
| 980 | |a Trung tâm Học liệu Trường Đại học Cần Thơ | ||